000
00331nam a2200133Ia 4500
008
191201s2004 xx 000 0 und d
082
_a
621.3821
_b
STW
100
_a
STALLINGS, William
245
0
_a
Wireless Communications and Networking
260
_a
N.Delhi
_b
PHI
_c
2004
300
_a
584
650
_a
B.Tech(CSE)
942
_2
ddc
_c
BK
999
_c
773
_d
773